University Home | Library Home | Institutional Repository

Limitation of actions. (Record no. 187850)

MARC details
000 -LEADER
fixed length control field 00794cam5a220022900 4500
001 - CONTROL NUMBER
control field tmp15467355
003 - CONTROL NUMBER IDENTIFIER
control field UPRA
005 - DATE AND TIME OF LATEST TRANSACTION
control field 20190830110105.0
008 - FIXED-LENGTH DATA ELEMENTS--GENERAL INFORMATION
fixed length control field 950822s1959 enk eng u
035 ## - SYSTEM CONTROL NUMBER
System control number (Sirsi) r112422
035 ## - SYSTEM CONTROL NUMBER
System control number (UPRA)tmp15467355
040 ## - CATALOGING SOURCE
Transcribing agency UPRA
100 1# - MAIN ENTRY--PERSONAL NAME
Personal name Franks, Michael.
Linkage A73766.1
245 10 - TITLE STATEMENT
Title Limitation of actions.
260 ## - PUBLICATION, DISTRIBUTION, ETC.
Place of publication, distribution, etc. London :
Name of publisher, distributor, etc. Sweet & Maxwell,
Date of publication, distribution, etc. 1959.
500 ## - GENERAL NOTE
General note Includes tables of cases, statutes, and Rules of the Supreme Court.
504 ## - BIBLIOGRAPHY, ETC. NOTE
Bibliography, etc. note Bibliographical footnotes.
650 #0 - SUBJECT ADDED ENTRY--TOPICAL TERM
Topical term or geographic name entry element Limitation of actions -- Great Britain.
Geographic subdivision Limitation of actions -- Great Britain.
Linkage S54984.1
949 ## - LOCAL PROCESSING INFORMATION (OCLC)
a KD200
w lcc
i 33729001472583
m MAIN
p 2500
t BOOK
l ON-SHELF
949 ## - LOCAL PROCESSING INFORMATION (OCLC)
a KD200
w lcc
i 33729001481535
m MAIN
p 2500
t BOOK
l ON-SHELF

No items available.

© 2026 - The University of Zambia Library - Koha v25.11